Complex variables and applications (Record no. 3507)

000 -LEADER
fixed length control field 00586nam a22002297a 4500
001 - CONTROL NUMBER
control field 3507
003 - CONTROL NUMBER IDENTIFIER
control field BD-DhUET
008 - FIXED-LENGTH DATA ELEMENTS--GENERAL INFORMATION
fixed length control field 141101b xxu||||| |||| 00| 0 eng d
020 ## - INTERNATIONAL STANDARD BOOK NUMBER
International Standard Book Number 0070108552
040 ## - CATALOGING SOURCE
Transcribing agency 0
Modifying agency BD-DhUET
082 ## - DEWEY DECIMAL CLASSIFICATION NUMBER
Classification number 517.8
Item number CHU/1974
100 ## - MAIN ENTRY--PERSONAL NAME
Personal name Churchill, Ruel V.
245 ## - TITLE STATEMENT
Title Complex variables and applications
250 ## - EDITION STATEMENT
Edition statement 3rd ed.
260 ## - PUBLICATION, DISTRIBUTION, ETC. (IMPRINT)
Place of publication, distribution, etc. New York
Name of publisher, distributor, etc. McGraw-Hill
Date of publication, distribution, etc. 1974
300 ## - PHYSICAL DESCRIPTION
Extent x, 332 p.
Other physical details ill.
Dimensions 23 cm.
504 ## - BIBLIOGRAPHY, ETC. NOTE
Bibliography, etc Includes bibliographies
650 #0 - SUBJECT ADDED ENTRY--TOPICAL TERM
Topical term or geographic name as entry element Complex variables
700 ## - ADDED ENTRY--PERSONAL NAME
Personal name Brown, James W.
700 ## - ADDED ENTRY--PERSONAL NAME
Personal name Verhey, Roger F.
942 ## - ADDED ENTRY ELEMENTS (KOHA)
Koha item type General Book
Holdings
Koha renewals Source of classification or shelving scheme Lost status Price effective from Koha date last seen Date acquired Koha date last borrowed Damaged status Piece designation (barcode) Shelving location Koha item type Copy number Sublocation or collection (holding branch) Not for loan Koha normalized classification for sorting Location (home branch) Koha full call number Withdrawn status
   2014-11-012014-11-012014-11-01  39411Circulation sectionGeneral Book1Central Library, BUET 517_800000000000000_CHU_1974Central Library, BUET517.8/CHU/1974 
   2014-11-012014-11-012014-11-01  43301Circulation sectionGeneral Book2Central Library, BUET 517_800000000000000_CHU_1974Central Library, BUET517.8/CHU/1974 
   2014-11-012014-11-012014-11-01  45109Circulation sectionGeneral Book3Central Library, BUET 517_800000000000000_CHU_1974Central Library, BUET517.8/CHU/1974 
   2014-11-012016-05-182014-11-01  52889Circulation sectionGeneral Book4Central Library, BUET 517_800000000000000_CHU_1974Central Library, BUET517.8/CHU/1974 
   2014-11-172016-04-022014-11-17  37655Circulation sectionGeneral Book5Central Library, BUET 517_800000000000000_CHU_1974Central Library, BUET517.8/CHU/1974 
2  2014-11-172016-08-302014-11-17  58032Circulation sectionGeneral Book6Central Library, BUET 517_800000000000000_CHU_1974Central Library, BUET517.8/CHU/1974 
   2015-05-032015-05-032015-05-030000-00-00 52887Circulation sectionGeneral Book7Central Library, BUET 517_800000000000000_CHU_1974Central Library, BUET517.8/CHU/1974 
   2015-05-032015-05-032015-05-03  37654Circulation sectionGeneral Book8Central Library, BUET 517_800000000000000_CHU_1974Central Library, BUET517.8/CHU/1974 
   2015-05-042015-05-042015-05-04  39412Circulation sectionGeneral Book9Central Library, BUET 517_800000000000000_CHU_1974Central Library, BUET517.8/CHU/1974 
   2015-05-202015-05-202015-05-20  58033Circulation sectionGeneral Book10Central Library, BUET 517_800000000000000_CHU_1974Central Library, BUET517.8/CHU/1974 
   2015-06-132015-06-132015-06-13  24535Reading sectionReading Item11Central Library, BUET 517_800000000000000_CHU_1974Central Library, BUET517.8/CHU/1974 
   2015-07-132015-07-132015-07-13  43304Circulation sectionGeneral Book12Central Library, BUET 517_800000000000000_CHU_1974Central Library, BUET517.8/CHU/1974